000 01370nam a2200361 c 4500
003 BLK
005 20250712140655.0
008 180410b bul|||||r ||||||| ||bul||
010 _aKNG00166969000
020 _a978-619-150-111-3
_bиздат.: Колибри
040 _aBLK
041 _aBUL
_cBUL
072 7 _2bullib
_aН8302
_xФантастика Н
080 _aАмериканска литература (на САЩ)
_b821.111(73)
_x-312.9
_z821.111(73)-312.9
100 1 _aРевис, Бет
_eпърви автор
_9115719
700 1 _aТомова, Милена
_eпрев. от англ.
_9363588
139 _aРевис, Бет
_bР 44
245 1 0 _aПрез вселената
_bРоман
_cБет Ревис; прев. от англ. Милена Томова.
257 _aUSA
260 София
_bКолибри
_c2013
_fСофия : Инвестпрес
300 _a342 с.
_c22 см
380 _aX
500 _aОриг. загл. Across the Universe / Beth Revis. - Съдържа и за авт.
653 _aфантастика
653 _aромани
659 _aН
852 _aЦб 271400
856 4 _qpdf
_u
856 4 _qpdf
_u
942 _cKNG
_n0
_013
944 _aCR
_c07.11.2014
_lГеновева Генчева
_k30560
944 _aED
_c26.06.2017
_lф /
_kЛюдмила_Стоянова
999 _c159795
_d159795